| 000 | 01122nam a22002297a 4500 | ||
|---|---|---|---|
| 005 | 20080616160317.0 | ||
| 008 | 080616t xxu||||| |||| 00| p hin d | ||
| 010 | _aHIN-83513 | ||
| 020 | _c200.00 | ||
| 035 | _aHN-55859 | ||
| 037 | _bDBAD / PUB | ||
| 040 |
_aDPL _bHN |
||
| 082 | _a821 / दासप | ||
| 100 | _aदास, परिचय | ||
| 245 |
_aयुगपत् समीकरण में / _cपरिचय दास |
||
| 246 |
_aYugpat sameekarn mein _bby Parichay Das |
||
| 260 |
_aनई दिल्ली _bनवपत्र प्रकाशन _c2007 |
||
| 270 |
_aश्रीमती वंदना श्रीवास्तव द्वारा 14, दिन अपार्मेण्ट्स, सेक्टर-4, द्वारका _bनई दिल्ली |
||
| 300 |
_a89पृ _c22सेमी(सजिल्द) |
||
| 942 |
_cHN _2ddc _h821 _m दासप |
||
| 999 |
_c13718 _d13718 |
||